<?xml version="1.0" encoding="UTF-8"?>
<record
    xmlns:xsi="http://www.w3.org/2001/XMLSchema-instance"
    xsi:schemaLocation="http://www.loc.gov/MARC21/slim http://www.loc.gov/standards/marcxml/schema/MARC21slim.xsd"
    xmlns="http://www.loc.gov/MARC21/slim">

  <leader>03471njm a2200589Ia 4500</leader>
  <controlfield tag="001">23807</controlfield>
  <controlfield tag="003">IT-RoPAU</controlfield>
  <controlfield tag="005">20220918181159.0</controlfield>
  <controlfield tag="008">131025s9999    xx            000 0 und d</controlfield>
  <datafield tag="040" ind1=" " ind2=" ">
    <subfield code="a">IT-RoPAU</subfield>
  </datafield>
  <datafield tag="040" ind1=" " ind2=" ">
    <subfield code="c">IT-RoPAU</subfield>
  </datafield>
  <datafield tag="041" ind1=" " ind2=" ">
    <subfield code="a">ITALIANO</subfield>
  </datafield>
  <datafield tag="999" ind1=" " ind2=" ">
    <subfield code="c">102816</subfield>
    <subfield code="d">102816</subfield>
  </datafield>
  <datafield tag="999" ind1=" " ind2=" ">
    <subfield code="b">n.d.</subfield>
  </datafield>
  <datafield tag="100" ind1=" " ind2=" ">
    <subfield code="a">AA.VV.</subfield>
    <subfield code="9">794</subfield>
  </datafield>
  <datafield tag="100" ind1=" " ind2=" ">
    <subfield code="e">Autore musica</subfield>
    <subfield code="9">6049</subfield>
  </datafield>
  <datafield tag="100" ind1=" " ind2=" ">
    <subfield code="g">Codice autore musica SPICS: 12000</subfield>
    <subfield code="9">796</subfield>
  </datafield>
  <datafield tag="245" ind1=" " ind2=" ">
    <subfield code="a">Cantando all'italiana (Lp Rel St 19173)</subfield>
  </datafield>
  <datafield tag="250" ind1=" " ind2=" ">
    <subfield code="a">1a ed.</subfield>
  </datafield>
  <datafield tag="260" ind1=" " ind2=" ">
    <subfield code="a">MILANO</subfield>
  </datafield>
  <datafield tag="260" ind1=" " ind2=" ">
    <subfield code="b">RI - FI RECORD COMPANY</subfield>
    <subfield code="c">1974 [1a Ed.:1973]</subfield>
  </datafield>
  <datafield tag="300" ind1=" " ind2=" ">
    <subfield code="a">DISCO</subfield>
  </datafield>
  <datafield tag="300" ind1=" " ind2=" ">
    <subfield code="c">36 minuti (Testo:  pag.)</subfield>
  </datafield>
  <datafield tag="500" ind1=" " ind2=" ">
    <subfield code="a">Cantando all'italiana. Canzoni italiane</subfield>
  </datafield>
  <datafield tag="505" ind1=" " ind2=" ">
    <subfield code="a">Signorinella (3:00) - Serenata delle serenate (4:00) - Fox della luna (3:00) - Tango delle rose (4:00) - Prigioniero di un sogno (3:00) - Arrotino (4:00) - Creola (4:00) - Luna caprese (3:00) - Nann&#xEC; [('na gita a li castelli) (4:00)] - Sedici anni (3:00) - Addio signora (3:00) - Malafemmena (4:00)</subfield>
  </datafield>
  <datafield tag="511" ind1=" " ind2=" ">
    <subfield code="a">Pizzi Nilla</subfield>
  </datafield>
  <datafield tag="511" ind1=" " ind2=" ">
    <subfield code="a">Togliani Achille</subfield>
  </datafield>
  <datafield tag="511" ind1=" " ind2=" ">
    <subfield code="a">Virgili Luciano</subfield>
  </datafield>
  <datafield tag="511" ind1=" " ind2=" ">
    <subfield code="a">Gallo Nunzio</subfield>
  </datafield>
  <datafield tag="650" ind1=" " ind2=" ">
    <subfield code="a">CANZONE ITALIAN [DISCHI]</subfield>
    <subfield code="e">Codice MATERIA SPICS: 9950</subfield>
    <subfield code="9">6050</subfield>
  </datafield>
  <datafield tag="700" ind1=" " ind2=" ">
    <subfield code="a">Valente Nicola</subfield>
    <subfield code="d">Codice autore musica SPICS: 13463</subfield>
    <subfield code="e">Autore musica</subfield>
    <subfield code="p">Signorinella</subfield>
    <subfield code="9">6051</subfield>
  </datafield>
  <datafield tag="700" ind1=" " ind2=" ">
    <subfield code="a">Bovio Libero</subfield>
    <subfield code="d">Codice autore testo/musica SPICS: 13462</subfield>
    <subfield code="e">Autore testo/musica</subfield>
    <subfield code="p">Signorinella</subfield>
    <subfield code="9">6052</subfield>
  </datafield>
  <datafield tag="700" ind1=" " ind2=" ">
    <subfield code="a">Cherubini Bixio</subfield>
    <subfield code="d">Codice autore musica SPICS: 13442</subfield>
    <subfield code="e">Autore musica</subfield>
    <subfield code="p">Serenata delle serenate</subfield>
    <subfield code="9">6053</subfield>
  </datafield>
  <datafield tag="700" ind1=" " ind2=" ">
    <subfield code="a">Innocenzi Carlo</subfield>
    <subfield code="d">Codice autore testo/musica SPICS: 13493</subfield>
    <subfield code="e">Autore testo/musica</subfield>
    <subfield code="p">Serenata delle serenate</subfield>
    <subfield code="9">6054</subfield>
  </datafield>
  <datafield tag="700" ind1=" " ind2=" ">
    <subfield code="a">Ranzato Virgilio</subfield>
    <subfield code="d">Codice autore musica SPICS: 1148</subfield>
    <subfield code="e">Autore musica</subfield>
    <subfield code="p">Fox della luna</subfield>
    <subfield code="9">6055</subfield>
  </datafield>
  <datafield tag="700" ind1=" " ind2=" ">
    <subfield code="a">Bottero</subfield>
    <subfield code="d">Codice autore musica SPICS: 25252</subfield>
    <subfield code="e">Autore musica</subfield>
    <subfield code="p">Tango delle rose</subfield>
    <subfield code="9">6056</subfield>
  </datafield>
  <datafield tag="700" ind1=" " ind2=" ">
    <subfield code="a">Schreier</subfield>
    <subfield code="d">Codice autore testo/musica SPICS: 15832</subfield>
    <subfield code="e">Autore testo/musica</subfield>
    <subfield code="p">Tango delle rose</subfield>
    <subfield code="9">6057</subfield>
  </datafield>
  <datafield tag="700" ind1=" " ind2=" ">
    <subfield code="a">Morbelli Riccardo</subfield>
    <subfield code="d">Codice autore musica SPICS: 13446</subfield>
    <subfield code="e">Autore musica</subfield>
    <subfield code="p">Prigioniero di un sogno</subfield>
    <subfield code="9">6058</subfield>
  </datafield>
  <datafield tag="700" ind1=" " ind2=" ">
    <subfield code="a">Innocenzi Carlo</subfield>
    <subfield code="d">Codice autore testo/musica SPICS: 13493</subfield>
    <subfield code="e">Autore testo/musica</subfield>
    <subfield code="p">Prigioniero di un sogno</subfield>
    <subfield code="9">6059</subfield>
  </datafield>
  <datafield tag="700" ind1=" " ind2=" ">
    <subfield code="a">Bracchi Alfredo</subfield>
    <subfield code="d">Codice autore musica SPICS: 13448</subfield>
    <subfield code="e">Autore musica</subfield>
    <subfield code="p">Arrotino</subfield>
    <subfield code="9">6060</subfield>
  </datafield>
  <datafield tag="700" ind1=" " ind2=" ">
    <subfield code="a">Martinelli Ferruccio</subfield>
    <subfield code="d">Codice autore testo/musica SPICS: 15762</subfield>
    <subfield code="e">Autore testo/musica</subfield>
    <subfield code="p">Arrotino</subfield>
    <subfield code="9">6061</subfield>
  </datafield>
  <datafield tag="700" ind1=" " ind2=" ">
    <subfield code="a">Ripp</subfield>
    <subfield code="d">Codice autore testo/musica SPICS: 13436</subfield>
    <subfield code="e">Autore testo/musica</subfield>
    <subfield code="p">Creola</subfield>
    <subfield code="9">6062</subfield>
  </datafield>
  <datafield tag="700" ind1=" " ind2=" ">
    <subfield code="a">Ricciardi</subfield>
    <subfield code="d">Codice autore musica SPICS: 16138</subfield>
    <subfield code="e">Autore musica</subfield>
    <subfield code="p">Luna caprese</subfield>
    <subfield code="9">6063</subfield>
  </datafield>
  <datafield tag="700" ind1=" " ind2=" ">
    <subfield code="a">Cesario</subfield>
    <subfield code="d">Codice autore testo/musica SPICS: 25253</subfield>
    <subfield code="e">Autore testo/musica</subfield>
    <subfield code="p">Luna caprese</subfield>
    <subfield code="9">6064</subfield>
  </datafield>
  <datafield tag="700" ind1=" " ind2=" ">
    <subfield code="a">Silvestri Franco</subfield>
    <subfield code="d">Codice autore testo/musica SPICS: 13543</subfield>
    <subfield code="e">Autore testo/musica</subfield>
    <subfield code="p">Nann&#xEC; ('na gita a li castelli)</subfield>
    <subfield code="9">6065</subfield>
  </datafield>
  <datafield tag="700" ind1=" " ind2=" ">
    <subfield code="a">Forte</subfield>
    <subfield code="d">Codice autore musica SPICS: 14035</subfield>
    <subfield code="e">Autore musica</subfield>
    <subfield code="p">Sedici anni</subfield>
    <subfield code="9">6066</subfield>
  </datafield>
  <datafield tag="700" ind1=" " ind2=" ">
    <subfield code="a">Gallo Nunzio</subfield>
    <subfield code="d">Codice autore SPICS: 13699</subfield>
    <subfield code="e">Autore</subfield>
    <subfield code="p">Sedici anni</subfield>
    <subfield code="9">6067</subfield>
  </datafield>
  <datafield tag="700" ind1=" " ind2=" ">
    <subfield code="a">Zanfagna</subfield>
    <subfield code="d">Codice autore testo/musica SPICS: 25254</subfield>
    <subfield code="e">Autore testo/musica</subfield>
    <subfield code="p">Sedici anni</subfield>
    <subfield code="9">6068</subfield>
  </datafield>
  <datafield tag="700" ind1=" " ind2=" ">
    <subfield code="a">Simi Gino</subfield>
    <subfield code="d">Codice autore musica SPICS: 13456</subfield>
    <subfield code="e">Autore musica</subfield>
    <subfield code="p">Addio signora</subfield>
    <subfield code="9">6069</subfield>
  </datafield>
  <datafield tag="700" ind1=" " ind2=" ">
    <subfield code="a">Neri Ennio</subfield>
    <subfield code="d">Codice autore testo/musica SPICS: 13457</subfield>
    <subfield code="e">Autore testo/musica</subfield>
    <subfield code="p">Addio signora</subfield>
    <subfield code="9">6070</subfield>
  </datafield>
  <datafield tag="700" ind1=" " ind2=" ">
    <subfield code="a">De Curtis Antonio (=Tot&#xF2;)</subfield>
    <subfield code="d">Codice autore testo/musica SPICS: 25255</subfield>
    <subfield code="e">Autore testo/musica</subfield>
    <subfield code="p">Malafemmena</subfield>
    <subfield code="9">6071</subfield>
  </datafield>
  <datafield tag="942" ind1=" " ind2=" ">
    <subfield code="c">MD</subfield>
    <subfield code="2">ddc</subfield>
  </datafield>
  <datafield tag="952" ind1=" " ind2=" ">
    <subfield code="0">0</subfield>
    <subfield code="1">0</subfield>
    <subfield code="4">0</subfield>
    <subfield code="6">23807_000000000000000</subfield>
    <subfield code="7">1</subfield>
    <subfield code="a">SPICS</subfield>
    <subfield code="b">SPICS</subfield>
    <subfield code="d">2013-10-25</subfield>
    <subfield code="l">0</subfield>
    <subfield code="o">23807</subfield>
    <subfield code="r">2013-10-25 00:00:00</subfield>
    <subfield code="w">2013-10-25</subfield>
    <subfield code="y">MD</subfield>
    <subfield code="z">Progr. Ins.: 4654 / N.Vol.: 1 / Copie: 1 - Copia rara: n.d. / date import: 01.01.2014 - By Epidotti, Trombetti, Vaglietti</subfield>
  </datafield>
</record>
